000 00517nam a2200133 a 4500
001 000038694
005 20201002031334.0
008 130418s1997 dr 000 0 spa d
040 _aDO-SdBNP
_bspa
_cBNPHU
100 1 _aHernández, Pedro A.
_954302
245 1 3 _aLa gestión de los ayuntamientos de Luperón y Guananico, Puerto Plata (1994-96) :
_b(Lecciones para los municipios dominicanos) /
_cPedro A. Hernández.
260 _aPuerto Plata, República Dominicana :
_bMediabyte ,
_c1997.
300 _a128 p. : ;
_c21 cm.
999 _c38184
_d38184